| 000 | 00490nam a2200181Ia 4500 | ||
|---|---|---|---|
| 999 |
_c14321 _d14321 |
||
| 003 | OSt | ||
| 005 | 20201019130200.0 | ||
| 008 | 190216s9999||||xx |||||||||||||| ||und|| | ||
| 020 | _a9780140433166 | ||
| 040 | _coclc | ||
| 082 |
_a192 _bMIL/A |
||
| 100 |
_aMill, John Stuart _95921 |
||
| 245 | 0 |
_aAutobiography / _c John Stuart Mill |
|
| 260 |
_bPenguin Books, _aEngland: _c1989. |
||
| 300 | _a234p | ||
| 650 | _aEnglish | ||
| 942 |
_cBK _2ddc _h192 _iMIL/A _k192 _mMIL/A |
||